3画の常用漢字 - Statistics

General Stats
  • This quiz has been taken 943 times
  • The average score is 16 of 31
Answer Stats
小学1年生 % Correct
98%
89%
85%
85%
82%
75%
74%
74%
74%
71%
67%
65%
63%
62%
56%
49%
48%
46%
42%
41%
39%
39%
37%
32%
31%
27%
18%
17%
16%
15%
14%
No matching quizzes found
Score Distribution
Percent of People with Each Score
Percentile by Number Answered
Your Score History
You have not taken this quiz